000 00483nam a2200181Ia 4500
005 20260429112004.0
008 260429s9999||||xx |||||||||||||| ||und||
020 _a9781647405427
041 _aEnglish
082 _a526.1
_bNIS
100 _aNisbet, Gloria
245 0 _aFoundations of geodesy /
_cGloria Nisbet
260 _aNew York :
_bSyrawood Publishing House,
_c2024.
300 _aix, 258 p.; hb
650 _a Geodesy
650 _aMathematical geography
942 _cTB
999 _c51770
_d51770